Rovnováha kvapalina-kvapalina viaczložkového systému obsahujucého zmesové rozpúšťadlo a DMF - EG

Gespeichert in:
Bibliographische Detailangaben
1. Verfasser: Benčo, Róbert (Verfasst von)
Format: Manuskript Buch
Sprache:Slowakisch
Veröffentlicht: Bratislava : STU v Bratislave FCHPT, 2002
Ausgabe:Obháj.: 3.6.2002
Tags: Tag hinzufügen
Keine Tags, Fügen Sie das erste Tag hinzu!

MARC

LEADER 00000ntm a22000003a 4500
001 stu76717
005 20150617225645.6
008 020719s2002----xo------------------slo-d
040 |a STU  |b slo 
041 0 |a slo 
044 |a xo 
100 1 |a Benčo, Róbert  |4 aut 
245 1 |a Rovnováha kvapalina-kvapalina viaczložkového systému obsahujucého zmesové rozpúšťadlo a DMF - EG 
250 |a Obháj.: 3.6.2002 
260 |a Bratislava :  |b STU v Bratislave FCHPT,  |c 2002 
300 |a 42 s. Tab.,grafy,lit.,príloha 
500 |a Špec.: Chemické inžinierstvo 
996 |b 284C026768  |c C*D13665  |l CCI  |s A  |a 24  |w stu76717_0001